1283 1323 1252 1090 1299 1564 1189 1014 1405 1700 1686 1610 1189 1552 1371 1390 1705 1091 1675 1143 1791 1166 1667 1739 1073 1711 1377 1618 1639 1392 1752 1666 1495 1413 1940 1144 1263 1710 1492 1002 1887 1325 1034 1832 1113 1685 1004 1323 1108 1669 1292 1778 1124 1485 1936 1181 1200 1086 1449 1908 1141 1429 1943 1645 1488 1098 1128 1334 1363 1868 1305 1120 1555 1740 1124 1568 1239 1411 1749 1233 1371 1015 1207 1751 1168 1869 1668 1980 1196 1226 1367 1587 1791 1789 1054 1776 1353 1925 1140 BCNSPRNW ULIB Ver.6.0+V

เปลี่ยนเป็นภาษาไทย

Change to English
 แสดงรายละเอียดบรรณานุกรม
  กลับหน้าหลัก

Brief Record : Get Marc (ISO 2709) : E-mail record : QR code < ปิดหน้าต่าง
LEADER : 00000nam 2200000uu 4500
001    13399124111
003     ULIB
008    150118s2556||||th 000 0 tha d
020    ^a9786165516938
060  4 ^aWS200^bพ791
110 1  ^aจุฬาลงกรณ์มหาวิทยาลัย.^bคณะแพทยศาสตร์.^bภาควิชากุมารเวชศาสตร์
245 00 ^aPediatric practice : Knowledge Sharing for Best Quality Care /^cนวลจันทร์ปราบพาล ... [และคนอื่น ๆ] บรรณาธิการ
250    ^aพิมพ์ครั้งที่ 1
260    ^aกรุงเทพฯ :^bภาควิชากุมารเวชศาสตร์ คณะแพทยศาสตร์จุฬาลงกรณ์มหาวิทยาลัย,^c2556
300    ^aix, 298 หน้า :^bภาพประกอบ
500    ^aเอกสารประกอบการอบรมระยะสั้นของภาควิชากุมารเวชศาสตร์ คณะแพทยศาสตร์จุฬาลงกรณ์มหาวิทยาลัย
505 0  ^a^tRespiratory distress in children --^trespiratory distress in children: how to approach to a child with stridor --^tprimary hypothyroidism --^tmanagemnet of hyperthyroidism from infancy through puberty --^tgrowth and puberty --^tvomiting --^trectal bleeding --^tการแพทย์เฉพาะบุคคล --^tbest practica in PICU
505 0  ^a--^tsmart interpertation of blood smear, bone marrow and hematology laboratory results --^tmyocarditis --^tgenetics in pediatric practice --^tskin signs in systemic disease: systemic lupus erythematosus, juvenile dermatomyositis --^tskin signs in nutritional deficiencies --^tskin signs in systemic disease: kawasaki disease --^tevaluation of hypertension in children and adolescents --^tการดูแลรักษาผู้ป่วยเด็กความดันโลหิตสูง --^thypertensive crisis --^tall about hair non-scarring alopecia
505 0  ^a--^tscarring alopecia --^ttinea capitis --^tpediatric palliative care: a modern path of life-limiting illness --^tacute liver failure in children --^tclinical approach to muscle weakness in children --^tmedia effects on children: pros and cons --^tallergic diseases: where are we non? --^tpediatric headache --^tนวัตกรรมการวินิจฉัยโรคกรดไหลย้อน
650  7 ^aเด็ก,โรค^bการรักษา
650  7 ^aเด็ก,โรค^bการวินิจฉัย
650  7 ^aกุมารเวชศาสตร์
700 0  ^aนวลจันทร์ ปราบพาล,^eบรรณาธิการ
700 0  ^aศิริวรรณ วนานุกูล,^eบรรณาธิการ
700 0  ^aสุชาดา ศรีทิพยวรรณ,^eบรรณาธิการ
700 0  ^aสุชีรา ฉัตรเพริดพราย,^eบรรณาธิการ
945    ^p0^l0^i038391
945    ^p0^l0^i038392
945    ^p0^l0^i038393
945    ^p0^l0^i038394
945    ^p0^l0^i038395
945    ^p0^l0^i038396
945    ^p0^l0^i038397
999    ^aกมลทิพย์ ธนสารสุธี
รายการนี้ยังไม่มีแท็ก
คุณยังไม่ได้ล็อกอิน คุณสามารถมีกิจกรรมร่วมกับเว็บไซต์ได้ แต่ต้องล็อกอินก่อน ::
  ล็อกอิน

รายการสื่อสารสนเทศ

ลำดับที่ ประเภท เลขเรียก/บาร์โค้ด สถานที่ สถานะ
1. วิทยาศาสตร์การแพทย์ และสุขภาพ
หนังสือสำรอง
สถานะ=หนังสือสำรอง
WS200 พ791 ฉ.1 
  Barcode: 038391
ห้องสมุดวิทยาเขตสวรรค์ประชารักษ์
►ส่วนจัดเก็บหนังสือเก่า สปร
บนชั้น
  ขอยืม
2. วิทยาศาสตร์การแพทย์ และสุขภาพ
วิทยาศาสตร์การแพทย์ และสุขภาพ
WS200 พ791 ฉ.2 
  Barcode: 038392
ห้องสมุดวิทยาเขตสวรรค์ประชารักษ์
►ส่วนจัดเก็บหนังสือเก่า สปร
บนชั้น
  ขอยืม
3. วิทยาศาสตร์การแพทย์ และสุขภาพ
วิทยาศาสตร์การแพทย์ และสุขภาพ
WS200 พ791 ฉ.3 
  Barcode: 038393
ห้องสมุดวิทยาเขตสวรรค์ประชารักษ์
►ส่วนจัดเก็บหนังสือเก่า สปร
บนชั้น
  ขอยืม
4. วิทยาศาสตร์การแพทย์ และสุขภาพ
วิทยาศาสตร์การแพทย์ และสุขภาพ
WS200 พ791 ฉ.4 
  Barcode: 038394
ห้องสมุดวิทยาเขตสวรรค์ประชารักษ์
►ส่วนจัดเก็บหนังสือเก่า สปร
บนชั้น
  ขอยืม
5. วิทยาศาสตร์การแพทย์ และสุขภาพ
วิทยาศาสตร์การแพทย์ และสุขภาพ
WS200 พ791 ฉ.5 
  Barcode: 038395
ห้องสมุดวิทยาเขตสวรรค์ประชารักษ์
►ส่วนจัดเก็บหนังสือเก่า สปร
บนชั้น
  ขอยืม
6. วิทยาศาสตร์การแพทย์ และสุขภาพ
วิทยาศาสตร์การแพทย์ และสุขภาพ
WS200 พ791 ฉ.6 
  Barcode: 038396
ห้องสมุดวิทยาเขตสวรรค์ประชารักษ์
►ส่วนจัดเก็บหนังสือเก่า สปร
บนชั้น
  ขอยืม
7. วิทยาศาสตร์การแพทย์ และสุขภาพ
วิทยาศาสตร์การแพทย์ และสุขภาพ
WS200 พ791 ฉ.7 
  Barcode: 038397
ห้องสมุดวิทยาเขตสวรรค์ประชารักษ์
►ส่วนจัดเก็บหนังสือเก่า สปร
บนชั้น
  ขอยืม

รายการใกล้เคียง
    หัวเรื่อง [กุมารเวชศาสตร์]

BibComment


ยังไม่เคยถูกคอมเมนท์

คอมเมนท์ทรัพยากรรายการนี้
  คอมเมนท์: Pediatric practi..


 Copyright 2026. Bcnsprnw @Library